Poorest Countries of Europe by Year - Statistics

General Stats
  • This quiz has been taken 123 times
    42 since last reset
  • The average score is 54 of 59
Answer Stats
Year GDP per capita Country % Correct
1950 $2,405 Albania
100%
1973 $5,462 Albania
100%
1996 $3,378 Albania
100%
2024 $21,377 Albania
100%
1913 $1,257 Portugal
100%
1938 $3,724 Portugal
100%
1950 $5,017 Portugal
100%
1973 $18,039 Portugal
100%
1913 $1,060 Serbia
100%
2024 $29,039 Serbia
100%
1996 $3,028 Bosnia and Herzegovina
96%
2024 $21,498 Bosnia and Herzegovina
96%
1938 $5,316 Estonia/Latvia/Lithuania
96%
1996 $3,044 Moldova
96%
2024 $18,524 Moldova
96%
1913 $885 Romania
96%
1938 $3,639 Romania
96%
1950 $2,825 Romania
96%
1973 $8,307 Romania
96%
1996 $8,608 Romania
96%
1938 $4,860 Soviet Union
96%
1950 $6,793 Soviet Union
96%
1973 $14,661 Soviet Union
96%
1913 $2,057 Spain
96%
1938 $3,576 Spain
96%
1950 $5,287 Spain
96%
1996 $4,052 Belarus
93%
2024 $32,098 Belarus
93%
1913 $1,450 Bulgaria
93%
1938 $4,456 Bulgaria
93%
1950 $3,789 Bulgaria
93%
1973 $12,726 Bulgaria
93%
1996 $7,682 Bulgaria
93%
2024 $39,185 Bulgaria
93%
1996 $5,784 Macedonia
93%
2024 $31,858 Montenegro
93%
2024 $26,912 North Macedonia
93%
1938 $3,947 Poland
93%
1950 $5,880 Poland
93%
1973 $12,817 Poland
93%
1913 $1,613 Russia
93%
1996 $3,733 Ukraine
93%
2024 $19,603 Ukraine
93%
1913 $1,455 Greece
89%
1950 $4,321 Greece
89%
2024 $38,292 Greece
89%
1973 $16,518 Ireland
86%
1996 $6,426 Latvia
86%
1996 $7,403 Lithuania
86%
1913 $2,576 Austria-Hungary
82%
1938 $4,785 Hungary
82%
1950 $5,962 Hungary
82%
1973 $13,447 Hungary
82%
1913 $2,454 Norway
79%
1938 $3,597 Yugoslavia
71%
1950 $3,715 Yugoslavia
71%
1973 $10,181 Yugoslavia
71%
1938 $5,815 Czechoslovakia
64%
1973 $16,820 Czechoslovakia
64%
No matching quizzes found
Score Distribution
Percent of People with Each Score
Percentile by Number Answered
Your Score History
You have not taken this quiz since the last reset